Obalový gigant bez súpera
Prezentácia obchodnej firmy Grafobal, a.s. Skalica. História a súčasná situácia firmy. Manažment podniku. Kvalita výroby. Investície a rozvoj. Objem výroby. Ciele podniku. Predaj na Slovensku, Česku, štátoch bývalej ZSSR. Vývoj obratu v r.1992-1995.
Salvato in:
| Autore principale: | |
|---|---|
| Altri autori: | |
| Natura: | Capitolo di libro |
| Lingua: | slovacco |
| Soggetti: | |
| Tags: |
Nessun Tag, puoi essere il primo ad aggiungerne!!
|
MARC
| LEADER | 00000naa a2200000 4500 | ||
|---|---|---|---|
| 001 | r021642 | ||
| 005 | 20251104123815.0 | ||
| 041 | 0 | |a slo | |
| 044 | |a SK | ||
| 245 | 1 | 0 | |a Obalový gigant bez súpera |c P. Kresánek, Dagmar Krištofičová |
| 520 | |a Prezentácia obchodnej firmy Grafobal, a.s. Skalica. História a súčasná situácia firmy. Manažment podniku. Kvalita výroby. Investície a rozvoj. Objem výroby. Ciele podniku. Predaj na Slovensku, Česku, štátoch bývalej ZSSR. Vývoj obratu v r.1992-1995. | ||
| 610 | 2 | 0 | |a balenie |
| 610 | 2 | 0 | |a obaly |
| 610 | 2 | 0 | |a podnik obchodný |
| 610 | 2 | 0 | |a podnikanie |
| 610 | 2 | 0 | |a Grafobal, a.s. Skalica |
| 610 | 2 | 0 | |a manažment |
| 610 | 2 | 0 | |a stratégia podniková |
| 610 | 2 | 0 | |a financie podnikové |
| 610 | 2 | 0 | |a predaj |
| 610 | 2 | 0 | |a Česko |
| 610 | 2 | 0 | |a Slovensko |
| 610 | 2 | 0 | |a Rusko |
| 610 | 2 | 0 | |a obrat peňažný |
| 610 | 2 | 0 | |a 1992-1995 |
| 610 | 2 | 0 | |a kvalita |
| 610 | 2 | 0 | |a výroba |
| 100 | 1 | |a Kresánek, P. | |
| 700 | 1 | |a Krištofičová, Dagmar | |